000
00316nam a22001457a 4500
003
SGT
082
_a
611
_b
T14B
100
_a
BHUIYAN, PRITHA
245
_a
TEXT BOOK OF HUMAN NEUROANATOMY
250
_a
9TH
260
_a
DELHI
_b
JAYPEE BROTHERS
_c
2014
300
_a
285
650
_a
NEUROANATOMY
942
_2
ddc
_c
BK
_0
5
999
_c
8501
_d
8501